Statistics for Apex Legends Characters

Click here to take the quiz!

General Stats

  • This quiz has been taken 4,036 times
  • The average score is 10 of 13

Answer Stats

DescriptionAgeCharacter% Correct
Technological TrackerUnknownBloodhound
88%
Toxic Trapper48Caustic
88%
The Adrenaline Junkie24Octane
88%
Combat Medic24Lifeline
87%
Interdimensional Skirmisher32Wraith
86%
Holographic Trickster30Mirage
83%
Forward ScoutHe’s trying to find outPathfinder
81%
Professional Soldier38Bangalore
79%
High Society Thief34Loba
77%
Shielded Fortress30Gibraltar
75%
Surveillance Expert[ERROR]Crypto
71%
Synthetic NightmareUnknownRevenant
71%
Static Defender22Wattson
66%

Score Distribution

Percentile by Number Answered

Percent of People with Each Score

Your Score History

You have not taken this quiz